Tolley's tax guide 2006-07 (Record no. 105866)

MARC details
000 -LEADER
fixed length control field 00951cam a2200265 4500
001 - CONTROL NUMBER
control field ##L134964
008 - FIXED-LENGTH DATA ELEMENTS--GENERAL INFORMATION
fixed length control field 060913n2006 000 0 eng u
020 ## - INTERNATIONAL STANDARD BOOK NUMBER
International Standard Book Number 0754529568
035 ## - SYSTEM CONTROL NUMBER
System control number (Sirsi) u134964
041 0# - LANGUAGE CODE
Language code of text/sound track or separate title eng
050 04 - LIBRARY OF CONGRESS CALL NUMBER
Classification number 336.2 $2 18
100 1# - MAIN ENTRY--PERSONAL NAME
Personal name Homer, Arnold
245 00 - TITLE STATEMENT
Title Tolley's tax guide 2006-07
250 ## - EDITION STATEMENT
Edition statement 25th ed.
260 ## - PUBLICATION, DISTRIBUTION, ETC.
Place of publication, distribution, etc. London
Name of publisher, distributor, etc. LexisNexis Butterworths
Date of publication, distribution, etc. 2006
300 ## - PHYSICAL DESCRIPTION
Extent xlix, 860p.
Dimensions 24cm.
350 ## - PRICE (NR) (BK AM CF MU VM SE) [OBSOLETE]
Price 54.95
520 ## - SUMMARY, ETC.
Summary, etc. Provides clear and concise guidance on all aspects of UK taxation. This latest edition has been fully updated to take into account the new pension scheme provisions from April 2006 and other recent changes. Incorporates the 2006-07 tax rates and allowances.
520 ## - SUMMARY, ETC.
Summary, etc. Supersedes the twenty second edition (ISBN 0754521532)
590 ## - LOCAL NOTE (RLIN)
Local note IKA171006
651 #4 - SUBJECT ADDED ENTRY--GEOGRAPHIC NAME
Geographic name England and Wales
Chronological subdivision 1543-
690 ## - LOCAL SUBJECT ADDED ENTRY--TOPICAL TERM (OCLC, RLIN)
Topical term or geographic name as entry element PROPERTY-PROPERTY TAXATION
700 1# - ADDED ENTRY--PERSONAL NAME
Personal name Burrows, Rita
942 ## - ADDED ENTRY ELEMENTS (KOHA)
Suppress in OPAC 0
Holdings
Withdrawn status Lost status Source of classification or shelving scheme Damaged status Not for loan Home library Current library Shelving location Date acquired Cost, normal purchase price Total Checkouts Full call number Barcode Date last seen Date last checked out Copy number Cost, replacement price Price effective from Koha item type
    Dewey Decimal Classification     London London Books 02/10/2006 54.95 12 336.2 HOM 30073307 06/08/2019 30/09/2008 1 54.95 06/08/2019 Book